| 000 | 01730nam a2200301 a 4500 | ||
|---|---|---|---|
| 003 | BLK | ||
| 005 | 20250715115337.0 | ||
| 008 | 250314b bul|||||r ||||||| ||bul|| | ||
| 020 | _a9786190115588 | ||
| 040 | _aBLK | ||
| 041 |
_aBUL _cBUL |
||
| 080 |
_aНаследственост. Онаследяване - Ядрена наследственост - ген, генетическа(хромозомна)карта, цитоплазматическа(извънядрена)наследственост, генетически основи на онтогенеза, генетика на популациите, _b575.1 _x(091) _z575.1(091) |
||
| 084 | _aР 97 | ||
| 100 |
_9490345 _aРъдърфорд, Адам |
||
| 245 | 1 | 0 |
_aКратка история на всички, които някога са живели _bЧовешката история преразказана от нашите гени _cАдам Ръдърфорд ; прев. от англ. Даниела Гамова |
| 260 |
_aСофия _bИзток-Запад _c2025 _9210881 _n978-619-01- ; 978-619-152- ; 978-954-321- ; 954-8945- |
||
| 300 |
_a312 с. _c24 см |
||
| 380 | _a5 | ||
| 500 | _aПрев. по A Brief of Everyone Who Ever Lived : The Human Story Retold Through Our Genes / Adam Rutherford. - Речник. - Показалец. - Доп. лит. | ||
| 650 | 4 |
_aНаследственост и изменчивост _9297745 |
|
| 650 | 0 |
_aГенетика - история _9497721 |
|
| 700 |
_aГенчева, Вероника _9497723 |
||
| 852 |
_bП _c574/577/Р 97 А |
||
| 856 | 4 | _qpdf | |
| 856 | 4 | _qpdf | |
| 942 |
_cKNG _n0 _04 |
||
| 944 |
_cГеновева Генчева _k30576 _a30560 _lЦветомила Тодорова |
||
| 999 |
_c528988 _d528988 |
||